Campeonato Catarinense de Futebol 2024 - Statistics

Estatísticas Gerais
  • Esse quiz foi jogado 44 vezes
  • A pontuação média é 9 de 12
Estatísticas das Respostas
Cidade Clube % Correto
Brusque Brusque
100%
Chapecó Chapecoense
100%
Críciuma Criciuma
97%
Joinville Joinville
97%
Florianópolis Avaí
95%
Concórdia Concordia
95%
Florianópolis Figueirense
95%
Lages Inter de Lages
54%
Itajaí Marcílio Dias
49%
Balneário Camboriu Barra
44%
Tubarão Hercílio Luz
38%
Joinville Nação
21%
Nenhum quiz correspondente encontrado
Distribuição das Pontuações
Porcentagem de Pessoas com Cada Pontuação
Percentil de Números Respondidos
Sua Pontuação Histórica
Você não jogou esse quiz